000 01323cam a2200337Mc 4500
005 20211105120800.0
008 150609s2014 ck ad fr 001 0 spa d
020 _a9788498358100 (5a.Ed.)
020 _a8498358108
035 _a(OCoLC)894654259
040 _aCO-BoUCM
_bspa
_cSaul Niño (Modificó)
_dJose A. Gerena
041 1 _aspa
_heng
060 _aWM 140
245 0 0 _aManual diagnóstico y estadístico de los trastornos mentales
_bDSM-5
_cCoordinadores José Luís Ayuso, Eduard Vieta, Celso Arango
250 _a5a ed
260 _aBogotá (Colombia)
_aBuenos Aires (Argentina)
_bMédica Panamericana
_c2014
300 _axlviii, 947 páginas
_bilustraciones, cuadros, gráficas
500 _aIncluye índice
650 7 _aEnfermedades mentales
_914424
650 7 _aPsiquiatría
_98004
650 7 _aEnfermedades mentales
_xDiagnóstico
_939794
650 7 _aDesordenes mentales
_913076
650 7 _aTrastornos mentales
_925786
690 _aPsiquiatría
_98004
700 1 _aAyuso, José Luís
_ecoordinador
_983598
700 1 _aVieta, Eduard
_ecoordinador
_983599
700 1 _aCelso, Arango
_ecoordinador
_983600
710 2 _aAmerican Psychiatric Association
_965074
765 _tDiagnostic and statistical manual of mental disorders
942 _2NLM
_a15
_cLIBRO
_e5
_hWM 140
_mM294v
_n0
999 _c299736
_d299736